000 00433nam a22001697a 4500
003 MPLRDC
005 20220104174446.0
008 210129b ||||| |||| 00| 0 eng d
020 _a1-85501-835-7
082 _a949.1 HARD
100 _aTERRI HARDIN
245 _aTHE PRE- RAPHAELITES
_c
260 _a
_bTIGER BOOKS INTERNATIONAL LONON
_c1996
300 _b
650 _a西洋画各派--古典派
942 _cBK
_o949.1 HARD
999 _c59880
_d59870